书目信息 |
| 题名: |
如何进行党性锻炼提升党性修养
|
|
| 作者: | 张荣臣 , 蒋成会 编著 | |
| 分册: | ||
| 出版信息: | 北京 中国民主法制出版社 2023 |
|
| 页数: | 226页 | |
| 开本: | 24cm | |
| 丛书名: | ||
| 单 册: | ||
| 中图分类: | D263.3 | |
| 科图分类: | ||
| 主题词: | ||
| 电子资源: | ||
| ISBN: | 978-7-5162-3321-4 | |
| 000 | 01103nam0 2200253 450 | |
| 001 | 012024000020 | |
| 005 | 20241025202608.0 | |
| 010 | @a978-7-5162-3321-4@dCNY48.00 | |
| 100 | @a20241025d2023 em y0chiy50 ea | |
| 101 | 0 | @achi |
| 102 | @aCN@b110000 | |
| 105 | @ay a 000yy | |
| 106 | @ar | |
| 200 | 1 | @a如何进行党性锻炼提升党性修养@Aru he jin xing dang xing duan lian ti sheng dang xing xiu yang@f张荣臣, 蒋成会编著 |
| 210 | @a北京@c中国民主法制出版社@d2023 | |
| 215 | @a226页@d24cm | |
| 320 | @a有书目 | |
| 330 | @a本书聚焦“党性锻炼与党性修养”,系统探讨了为什么党性修养是共产党人的必修课。内容涵盖从强化理论学习、坚定理想信念,到做政治上的明白人、践行党的宗旨,再到学习党史、传承中华民族传统美德和严守党的纪律规矩,每个主题都深入浅出。同时,结合生动的故事和实例,力图为读者揭示问题并给予实践指导。 | |
| 601 | 02 | @a中国共产党@Azhong guo gong chan dang@x党员@x党性@x修养@j学习参考资料 |
| 690 | @aD263.3@v5 | |
| 701 | 0 | @a张荣臣@Azhang rong chen@4编著 |
| 701 | 0 | @a蒋成会@Ajiang cheng hui@4编著 |
| 801 | 0 | @aCN@bAHXH@c20241025 |
| 905 | @b214160851@b214160842@b214160833@f3@dD263.3@e2078 | |
| 如何进行党性锻炼提升党性修养/张荣臣, 蒋成会编著.-北京:中国民主法制出版社,2023 |
| 226页;24cm |
| ISBN 978-7-5162-3321-4:CNY48.00 |
| 本书聚焦“党性锻炼与党性修养”,系统探讨了为什么党性修养是共产党人的必修课。内容涵盖从强化理论学习、坚定理想信念,到做政治上的明白人、践行党的宗旨,再到学习党史、传承中华民族传统美德和严守党的纪律规矩,每个主题都深入浅出。同时,结合生动的故事和实例,力图为读者揭示问题并给予实践指导。 |
| ● |
| 相关链接 |
|
|
|
|
正题名:如何进行党性锻炼提升党性修养
索取号:D263.3/2078
 
预约/预借
| 序号 | 登录号 | 条形码 | 馆藏地/架位号 | 状态 | 备注 |
| 1 | 1414122 | 214141221 | 第一样本阅览室/ [索取号:D263.3/2078] | 在馆 | |
| 2 | 1416083 | 214160833 | 第一借阅区/ [索取号:D263.3/2078] | 在馆 | |
| 3 | 1416084 | 214160842 | 第一借阅区/ [索取号:D263.3/2078] | 在馆 | |
| 4 | 1416085 | 214160851 | 第一借阅区/ [索取号:D263.3/2078] | 在馆 |